Statystyki dla Wszystkie linie autobusowe w Radomiu

Kliknij tutaj aby rozwiązać quiz!

Ogólne statystyki

  • Ten quiz został rozwiązany 17 razy
  • Średni wynik to 15 z 30

Statystyki odpowiedzi

LiniaPrzystanek PoczątkowyPrzystanek Końcowy% Poprawnych
1Os. PołudnieOs. Gołębiów I
87%
15KapturJaniszpol
80%
7Os. PołudnieOs. Michałów
80%
4Firlej/CmentarzOs. Prędocinek
80%
9Os. PrędocinekOs. Gołębiów I
73%
2IdalinOs. Zamłynie
73%
3IdalinOs. Michałów
67%
5Lotnisko (airport) Warszawa-RadomPruszaków
67%
17Potkanów/StalowaGołębiów/Fołtyn
60%
10Wacyn/OsiowaGołębiów/Fołtyn
60%
6GodówMilejowice/Kasztanowa
60%
11IdalinOs. Gołębiów II/Paderewskiego
60%
14Lotnisko (airport) Warszawa-RadomOs. Południe
60%
8Os. WośnikiKierzków
53%
21Os. PrędocinekWólka Klwatecka
53%
13Wośniki/SzkołaJózefów/Szpital
47%
16Os. WośnikiOs. Gołębiów II/Sempołowskiej
47%
12WincentówOs. Południe
47%
26Mokra/WerneraJedlnia-Letnisko/Dworzec PKP
40%
24Os. MichałówMałęczyn Nowy
40%
25Wacyn/SzpitalPotkanów/Stalowa
40%
18PruszakówPruszaków
40%
20MalczewUstronie/Radomskiego
40%
23MalczewWólka Klwatecka/Mroza
40%
22OboziskoLasowice
27%
N3IdalinOs. Zamłynie
27%
N1Os. PrędocinekJózefów/Szpital
20%
N2Wierzbicka/WarsztatowaOs. Gołębiów II/Sempołowskiej
20%
27Dw. Główny PKP/PocztaSkaryszew II/Mickiewicza
20%
19OboziskoMalenice
13%

Rozkład punktacji

Percentyl według liczby udzielonych odpowiedzi

Procent ludzi z każdym wynikiem

Twoja historia wyników

Nie rozwiązałeś tego quizu